It looks like you're offline.
Open Library logo
additional options menu

MARC Record from Scriblio

Record ID marc_records_scriblio_net/part10.dat:124119603:442
Source Scriblio
Download Link /show-records/marc_records_scriblio_net/part10.dat:124119603:442?format=raw

LEADER: 00442nam 2200169 i 4500
001 77576800
003 DLC
005 19780215000000.0
008 780210s1977 fr 00011 fre
010 $a 77576800
015 $aF***
050 0 $aPQ2665.R67$bC4
082 $a843/.9/14
100 10 $aErnaux, Annie,$d1940-
245 10 $aCe qu'ils disent ou rien :$b[roman] /$cAnnie Ernaux.
260 0 $a[Paris] :$bGallimard,$cc1977.
300 $a165 p. ;$c19 cm.